00692 a2200193 4500010001400000020001600014035001300030037001600043082001100059090001700070100002500087245004700112260006100159270005500220300004400275942002600319999001700345952013600362 aENG-90148 c300.00(app) aEN-73681 bDBAD / PUB14a915.15 c12537d125371 a Pranavananda, Swami1 aKailas-Manasarovar/cby Swami Pranavananda aBangalorebAdmirers of Swami Pranavanandac2007 (repr.). bBangalorea1138, 18th Cross, BSK II Stagee560 070 axxiii, 242p.:c22 cm. (Hb)bb&w photos adplcENk915.15 / PRA c12177d12177 00102ddc40718NFICaDBADbDBADeDBAD/PUBg300.00l0o915.15 PRApEN-73681r2008-09-15 00:00:00t1u13341v300.00w2008-09-15yEN